| 000 | 00777nam a2200253Ia 4500 | ||
|---|---|---|---|
| 003 | OSt | ||
| 005 | 20220918173452.0 | ||
| 006 | a|||||r|||| 00| 0 | ||
| 007 | ta | ||
| 008 | 220917b |||||||| |||| 00| 0 eng d | ||
| 024 | _a6,789 | ||
| 037 | _cTextual | ||
| 040 |
_aARTS _cARTS _beng |
||
| 041 |
_2eng _aeng |
||
| 082 | _a2:(D65,8(B))p1,N92, N2 (2D) | ||
| 110 |
_aAnnual conference on computers libraries (London) _946149 |
||
| 245 | 0 |
_aProceedings _b Computers in libraries international 92 |
|
| 260 |
_aWestport _bMeckler _c1992 |
||
| 300 |
_a144p _ccm. |
||
| 650 | _aLIBRARY SCIENCE | ||
| 700 |
_aAnnual conference on computers libraries (London) _946150 |
||
| 942 |
_h2:(D65,8(B))p1,N92, N2 (2D) _cTEXL _2CC |
||
| 999 |
_c148753 _d148753 |
||